| 000 -LEADER |
| fixed length control field |
nam a22 a 4500 |
| 003 - CONTROL NUMBER IDENTIFIER |
| control field |
AM-YeNLA |
| 005 - DATE AND TIME OF LATEST TRANSACTION |
| control field |
20250904154724.0 |
| 007 - PHYSICAL DESCRIPTION FIXED FIELD--GENERAL INFORMATION |
| fixed length control field |
ta |
| 008 - FIXED-LENGTH DATA ELEMENTS--GENERAL INFORMATION |
| fixed length control field |
250904s2020 le b|||gr|||||000|0|arm|| |
| 020 ## - INTERNATIONAL STANDARD BOOK NUMBER |
| International Standard Book Number |
978-614-8001-65-9 |
| 040 ## - CATALOGING SOURCE |
| Language of cataloging |
arm |
| Transcribing agency |
AM-YeNLA |
| 041 0# - LANGUAGE CODE |
| Language code of text/sound track or separate title |
arm |
| 130 0# - MAIN ENTRY--UNIFORM TITLE |
| Uniform title |
Աստվածաշունչ : |
| Name of part/section of a work |
Նոր Կտակարան |
| 245 10 - TITLE STATEMENT |
| Title |
Նոր Կտակարան ։ |
| Remainder of title |
Աշխարհաբար թարգմանութիւն / |
| Statement of responsibility, etc. |
Աւետարանի թարգմանութիւն ՝ Հայր Սրապիոն Արք. Ուլուհոճեանի, Առաքեալներու գործերու թարգմանութիւն՝ Հայր Գարեգին Վրդ. Գարանֆլեանի ; Առաքեալներու թուղթերու եւ Յովհաննէսի Յայտնութեան թարգմանութիւն՝ Հայր Մեսրոպ Ծ. Վ. Ճուրեանի ; Վերատեսութիւն՝ Հայր Մանուէլ Եպս. Պաթագեանի. |
| 260 ## - PUBLICATION, DISTRIBUTION, ETC. (IMPRINT) |
| Place of publication, distribution, etc. |
Պէյրութ : |
| Name of publisher, distributor, etc. |
Հայ Կաթողիկէ պատրիարքութեան, |
| Date of publication, distribution, etc. |
2020. |
| 300 ## - PHYSICAL DESCRIPTION |
| Extent |
821 էջ ։ |
| Other physical details |
քարտեզ ; |
| Dimensions |
22 սմ. |
| 500 ## - GENERAL NOTE |
| General note |
Աւետարանի թարգմանութիւն ՝ Հայր Սրապիոն Արք. Ուլուհոճեանի, Մխիթարյան միաբանութենէն, Գ Տպագրութիւն 1989 Վենետիկ - Ս. Ղազար, Առաքեալներու գործերու թարգմանութիւն՝ Հայր Գարեգին Վրդ. Գարանֆլեանի, Մխիթարյան միաբանութենէն, Տպագրութիւն 1950 Գահիրէ ; Առաքեալներու թուղթերու եւ Յովհաննէսի Յայտնութեան թարգմանութիւն՝ Հայր Մեսրոպ Ծ. Վ. Ճուրեանի, Զմմառեան միաբանութենէն ; Վերատեսութիւն՝ Հայր Մանուէլ Եպս. Պաթագեանի, Զմմառեան միաբանութենէն։ |
| 504 ## - BIBLIOGRAPHY, ETC. NOTE |
| Bibliography, etc |
Տողատակում՝ ծանոթագրություններ։ |
| 504 ## - BIBLIOGRAPHY, ETC. NOTE |
| Bibliography, etc |
Ցանկ՝ էջ 780-815։ |
| 630 44 - SUBJECT ADDED ENTRY--UNIFORM TITLE |
| 9 (RLIN) |
33682 |
| Uniform title |
Աստվածաշունչ |
| Name of part/section of a work |
Նոր Կտակարան |
| 700 1# - ADDED ENTRY--PERSONAL NAME |
| Personal name |
Հայր Ուլուհոճեան, Սրապիոն |
| Titles and other words associated with a name |
Արք. |
| Relator term |
թարգմանիչ |
| Relator code |
trl |
| 700 1# - ADDED ENTRY--PERSONAL NAME |
| Personal name |
Հայր Գարանֆլեան, Գարեգին |
| Titles and other words associated with a name |
Վրդ. |
| Relator term |
թարգմանիչ |
| Relator code |
trl |
| 700 1# - ADDED ENTRY--PERSONAL NAME |
| Personal name |
Հայր Ճուրեան, Մեսրոպ |
| Titles and other words associated with a name |
Ծ. Վ. |
| Relator term |
թարգմանիչ |
| Relator code |
trl |
| 700 1# - ADDED ENTRY--PERSONAL NAME |
| Personal name |
Հայր Պաթագեան, Մանուէլ |
| Titles and other words associated with a name |
Եպս. |
| Relator term |
սրբագրիչ |
| Relator code |
crr |
| 942 ## - ADDED ENTRY ELEMENTS (KOHA) |
| Source of classification or shelving scheme |
|
| Koha item type |
Books |